| 000 | 00571nam a2200229Ia 4500 | ||
|---|---|---|---|
| 003 | OSt | ||
| 005 | 20220924152712.0 | ||
| 006 | a|||||r|||| 00| 0 | ||
| 007 | ta | ||
| 008 | 220923b |||||||| |||| 00| 0 guj d | ||
| 024 | _a344011 | ||
| 037 | _cTextual | ||
| 040 |
_aARTS _cARTS _bguj |
||
| 041 |
_2guj _aguj |
||
| 082 | _aO152,1J03:g, 156F9 | ||
| 100 |
_aSurtiya _9227258 |
||
| 245 | 0 | _aMeera bai | |
| 260 | _c1929 | ||
| 650 |
_aHINDI LITERATURE _923866 |
||
| 942 |
_hO152,1J03:g, 156F9 _cTEXL _2CC |
||
| 999 |
_c470714 _d470714 |
||